En el nombre de Roma: los hombres que forjaron el imperio
Zapisane w:
| 1. autor: | |
|---|---|
| Format: | Książka |
| Język: | hiszpański |
| Wydane: |
Barcelona
Planeta
2010
|
| Wydanie: | 2a. ed |
| Hasła przedmiotowe: | |
| Etykiety: |
Dodaj etykietę
Nie ma etykietki, Dołącz pierwszą etykiete!
|
MARC
| LEADER | 00000cam a2200000 a 4500 | ||
|---|---|---|---|
| 001 | UCG8769 | ||
| 003 | CL-VaPUC | ||
| 008 | 111229e20101200SP |||||||||||||||||spa|d | ||
| 020 | |a 9788434469297 | ||
| 082 | 0 | 4 | |a 937.06 |b GOL |2 21 |
| 100 | |a Goldsworthy, Adrian |e author |9 559932 | ||
| 245 | 1 | 0 | |a En el nombre de Roma: los hombres que forjaron el imperio |
| 250 | |a 2a. ed | ||
| 300 | |a 459 p | ||
| 942 | |c BK | ||
| 945 | |d 20111229 00:00:00 |a dcastane | ||
| 260 | |a Barcelona |b Planeta |c 2010 | ||
| 650 | 0 | |a Historia de Roma |9 315349 | |
| 650 | 0 | |a Imperio Romano |9 322785 | |
| 650 | 7 | |a EMPERADORES |2 CL-VaPUC |9 333943 | |
| 651 | 0 | |a Roma |9 255106 | |
| 651 | 0 | |a Italia |9 254949 | |
| 583 | |a last modification |c 20111229 10:48:00 |k Rodrigo Vera | ||
| 999 | |c 346367 |d 346365 | ||
| 952 | |0 0 |1 0 |4 0 |6 937_060000000000000_GOL_2010 |7 0 |8 A |9 447043 |a BIBHIS |b BIBHIS |d 2019-11-22 |i 481911K |o 937.06 GOL 2010 |p 481911K |r 2023-01-25 |w 2019-11-22 |y BK |k HIS | ||